| 000 | 00365nam a2200133Ia 4500 | ||
|---|---|---|---|
| 008 | 191201s2000 xx 000 0 und d | ||
| 100 | _aKLEIN, Werner | ||
| 245 | 0 | _aManual of Textile Technology Practical Guide to the Blowroom and Carding | |
| 250 | _a2nd | ||
| 260 |
_aN. Delhi _bTextile Institute _c2000 |
||
| 300 | _a63 | ||
| 650 | _aB.Tech(TE) | ||
| 942 |
_2ddc _cBK |
||
| 999 |
_c5181 _d5181 |
||